Educação corporativa / (Record no. 1018)
[ view plain ]
| 000 -LÍDER | |
|---|---|
| Campo Fixo de Controle | 01015nam a2200289 a 4500 |
| 001 - NÚMERO DE CONTROLE | |
| Campo de Controle | 1018 |
| 003 - IDENTIFICAÇÃO DO NÚMERO DE CONTROLE | |
| Campo de Controle | BR-CuiBMT |
| 005 - DATA E HORA DA ÚLTIMA ATUALIZAÇÃO | |
| Campo de Controle | 20231126001407.0 |
| 008 - DADOS FIXOS | |
| Dados Fixos | 231125s1999 spba 001 0 por d |
| 020 ## - INTERNATIONAL STANDARD BOOK NUMBER | |
| Nº do ISBN | 8534610746 |
| 040 ## - AGÊNCIA CATALOGADORA | |
| Código da Agência Catalogadora | BR-CuiBMT |
| Agência que transcreveu o registro | BR-CuiBMT |
| 041 1# - CÓDIGO DO IDIOMA | |
| Código do Idioma | por |
| Idioma original | eng |
| 080 ## - Nº DA CLASSIFICAÇÃO DECIMAL UNIVERSAL | |
| Nº edição CDU | 2007 |
| Nº Class. CDU | 37.018.4 |
| 090 ## - NÚMERO DE CHAMADA | |
| Nº classificação | 37.018.4 |
| Cutter | M515e |
| 100 1# - ENTRADA PRINCIPAL -- AUTOR PESSOAL | |
| Nome pessoal | Meister, Jeanne C. |
| 240 00 - TÍTULO UNIFORME/ORIGINAL | |
| Título original | Corporate universities. |
| Idioma da publicação | Português |
| 245 10 - TÍTULO PRINCIPAL | |
| Título principal | Educação corporativa / |
| Indicação de responsabilidade | Jeanne C. Meister ; tradução Maria Claudia Santos Ribeiro. |
| 246 34 - FORMAS VARIANTES DO TÍTULO | |
| Título principal | Educação corporativa / |
| Subtítulo | a gestão do capital intelectual através das universidades corporativas. |
| 260 ## - PUBLICAÇÃO, DISTRIBUIÇÃO, ETC. | |
| Local de publicação | São Paulo : |
| Editora | Makron Books, |
| Data | 1999. |
| 300 ## - DESCRIÇÃO FÍSICA | |
| N. páginas ou volumes | xxxii, 296p. : |
| Ilustrações | il. ; |
| Dimensões | 25 cm |
| 500 ## - NOTAS GERAIS | |
| Notas gerais | "Subtítulo retirado da capa." |
| 504 ## - NOTA DE BIBLIOGRAFIA, ETC. | |
| Nota de bibliografia | Inclui bibliografia e índice. |
| 650 ## - ASSUNTO TÓPICO | |
| Cabeçalho tópico ou nome geográfico | Educação corporativa |
| 650 ## - ASSUNTO TÓPICO | |
| Cabeçalho tópico ou nome geográfico | Gestão do conhecimento |
| Subdivisão geral | Treinamento de pessoal |
| -- | Ensino superior |
| 650 ## - ASSUNTO TÓPICO | |
| Cabeçalho tópico ou nome geográfico | Administração de pessoal |
| 942 ## - ELEMENTOS DE ENTRADA ADICIONAIS (KOHA) | |
| Fonte de classificação ou esquema de arquivamento | Classificação Decimal Universal |
| Tipo de item do Koha | Livros |
| Estado: removido | Estado: perdido | Fonte de classificação ou esquema de arquivamento | Estado: danificado | Indisponível para empréstimo | Localização permanente | Localização atual | Data de aquisição | Total Checkouts | Número de Chamada completo | Código de barras | Date last seen | Número do exemplar | Preço efetivo a partir de | Tipo de item (Koha) |
|---|---|---|---|---|---|---|---|---|---|---|---|---|---|---|
| Classificação Decimal Universal | Biblioteca da Escola Superior de Contas do TCE/MT | Biblioteca da Escola Superior de Contas do TCE/MT | 25/11/2023 | 37.018.4 M515e | BIBTCEMT23111105 | 25/11/2023 | Ex. 1 | 25/11/2023 | Livros |